Normal view
MARC view
Entry Personal Name
001 - CONTROL NUMBER
- control field: 34723
003 - CONTROL NUMBER IDENTIFIER
- control field: dpl
005 - DATE AND TIME OF LATEST TRANSACTION
- control field: 20110913145813.0
008 - FIXED-LENGTH DATA ELEMENTS
- fixed length control field: 110913|||a|||||| | ||| d
040 ## - CATALOGING SOURCE
- Original cataloging agency: dpl
- Transcribing agency: dpl
100 ## - HEADING--PERSONAL NAME
- Personal name: Doubinsky, Sébastien,
- Dates associated with a name: 1963-
670 ## - SOURCE DATA FOUND
- Source citation: Work cat.: (dpl)0: Khair, Tabish 34719, Reading literature today :, 2011
670 ## - SOURCE DATA FOUND
- Source citation: Work cat.: (dpl)0: Khair, Tabish 34719, Reading literature today :, 2011
